000 00724nam a2200205 a 4500
005 20140310183459.0
008 100325s19uu xx 00 eng d
020 _a9789712720956
050 _aLB 1044.84
_b.F662 2008
100 _aFlorencio, Enrique I.
245 _aInformation and communications technology in basic education :
_ba strategic approach for educators /
_cEnrique I. Florencio, Rommel M. Andong.
260 _aPasig City :
_bAnvil Publishing, Inc,
_c2008.
300 _a112 p. :
_bill. ;
_c22 cm.
521 _aEDU
650 _aInformation technologies
_xEducational aspects.
650 _aEducation
_xinformation technology.
700 _aAndong, Rommel M.
942 _cBK
_2lcc
_kLOC
999 _c23825
_d23825